Maat joiden nimessä on tuplakirjain - Statistics

Yleistilastot
  • Tätä visaa on pelattu 953 kertaa
    405 viimeisimmän päivityksen jälkeen
  • Keskiarvotulos 27 / 39
Vastaustilastot
maanosa kirjain valtio % Oikein
Aasia I Kiina
92%
Oseania E Uusi-Seelanti
89%
Oseania U Uusi-Seelanti
89%
Eurooppa K Kreikka
84%
Pohjois-Amerikka L Yhdysvallat
84%
Etelä-Amerikka I Argentiina
81%
Aasia K Turkki
81%
Eurooppa A Alankomaat
79%
Pohjois-Amerikka U Kuuba
79%
Afrikka K Marokko
78%
Eurooppa R Andorra
76%
Afrikka K Etelä-Afrikka
76%
Aasia Y Syyria
73%
Eurooppa K Tšekki
73%
Oseania A Marshallinsaaret
72%
Oseania L Marshallinsaaret
72%
Aasia I Filippiinit
70%
Aasia P Filippiinit
70%
Eurooppa T Liettua
69%
Aasia E Yhdistyneet arabiemiirikunnat
69%
Aasia I Yhdistyneet arabiemiirikunnat
69%
Aasia N Yhdistyneet arabiemiirikunnat
69%
Aasia A Thaimaa
68%
Eurooppa A Vatikaanivaltio
68%
Oseania A Salomonsaaret
67%
Aasia I Malediivit
63%
Afrikka K Norsunluurannikko
63%
Afrikka N Norsunluurannikko
63%
Afrikka U Norsunluurannikko
63%
Oseania U Papua-Uusi-Guinea
62%
Pohjois-Amerikka A Dominikaaninen tasavalta
59%
Afrikka A Kongon demokraattinen tasavalta
59%
Afrikka T Kongon demokraattinen tasavalta
59%
Pohjois-Amerikka T Saint Kitts ja Nevis
58%
Afrikka L Seychellit
58%
Afrikka R Sierra Leone
52%
Afrikka A Päiväntasaajan Guinea
51%
Afrikka S Guinea-Bissau
49%
Pohjois-Amerikka I Saint Vincent ja Grenadiinit
45%
Ehtoja vastaavia visoja ei löytynyt
Tulosjakauma
Jokaisen tuloksen saaneiden osuus
Persentiili vastausten määrän mukaan
Tuloshistoriasi
Et ole pelannut tätä visaa sen viimeisimmän päivityksen jälkeen